Keep the Wolves Away - Uncle Lucius - Lyric quiz - Statistics

General Stats
  • This quiz has been taken 7 times
  • The average score is 174 of 200
Answer Stats
Answer % Correct
a
100%
and
100%
as
100%
away
100%
barely
100%
best
100%
bread
100%
breath
100%
but
100%
by
100%
chemical
100%
company
100%
dad
100%
daddy's
100%
dig
100%
does
100%
dog
100%
doing
100%
every
100%
everyday
100%
few
100%
first
100%
for
100%
Galveston
100%
giving
100%
good
100%
grave
100%
gulf
100%
happened
100%
he
100%
he's
100%
his
100%
I
100%
in
100%
into
100%
is
100%
it
100%
keep
100%
kids
100%
little
100%
man
100%
Mexico
100%
moneys
100%
my
100%
next
100%
of
100%
on
100%
overtime
100%
provide
100%
put
100%
running
100%
safety
100%
shelter
100%
sick
100%
sky
100%
skyline
100%
so
100%
soul
100%
spilling
100%
spills
100%
table
100%
the
100%
thirteen
100%
to
100%
took
100%
tried
100%
was
100%
we
100%
when
100%
where
100%
wife
100%
wolves
100%
working
100%
years
100%
alive
67%
any
67%
bay
67%
brazos
67%
came
67%
clouds
67%
covered
67%
cries
67%
eyes
67%
fifties
67%
filled
67%
fire
67%
fought
67%
French
67%
heavy
67%
hell
67%
isn't
67%
it's
67%
just
67%
like
67%
liquid
67%
lungs
67%
made
67%
making
67%
mortal
67%
moved
67%
muddy
67%
odds
67%
out
67%
owned
67%
pennies
67%
pinching
67%
plants
67%
poison
67%
recovery
67%
refinery
67%
settlement
67%
ship
67%
spite
67%
still
67%
that
67%
town
67%
well
67%
with
67%
yeah
67%
broke
33%
'cause
33%
cold
33%
death's
33%
going
33%
grip
33%
I'm
33%
now
33%
pain
33%
play
33%
silenced
33%
song
33%
stinging
33%
tanker
33%
turn
33%
No matching quizzes found
Score Distribution
Percent of People with Each Score
Percentile by Number Answered
Your Score History
You have not taken this quiz